000 00402nmm a2200145Ia 4500
008 251105s9999||||xx |||||||||||||||||und||
041 _aspa
100 _aPeters, Veronika
245 0 _aEl sol en el mar gris
264 _a[Madrid, España] :
_bEdiciones B,
_c2015
300 _a205 páginas
650 _aOther narratives
856 _uhttps://public.digitaliapublishing.com/a/52914
942 _cCF
999 _c105705
_d105705